| 000 | 01059nam a22002417a 4500 | ||
|---|---|---|---|
| 003 | DO-SdBNP | ||
| 005 | 20240404094740.0 | ||
| 007 | ta | ||
| 008 | 210830e2018 dr ab||gr|||| 001 edspa d | ||
| 020 | _a9789945802306 | ||
| 040 |
_aDO-SdBNP _bspa _cBNPHU |
||
| 041 | _hspa | ||
| 082 | _bC957s | ||
| 100 | 1 |
_aCruz Sánchez, Filiberto _913112 |
|
| 245 | 1 | 3 |
_aLas sociedades aborígenes americanas. / _cFiliberto Curz Sánchez |
| 260 |
_aSanto Domingo : _bEditora el Nuevo Diario, _c2018 |
||
| 300 |
_a93 p.: _bil., mapas; _c20 cm |
||
| 500 | _aIncluye biografía del autor en la cubierta posterior. | ||
| 504 | _aBibliografía, p. 91-92 | ||
| 505 |
_t1.1. Periodización de la historia americana.-- _t2.1. Diversas teorías sobre el poblamiento americano.-- _t3.1. El poblamiento de Norteamérica.-- _t4.1. El área cultural mesoamericana.-- _t5.1 El área cultural suramericana.-- _t6.1 Las comunidades prehispánicas del Caribe.-- _t7.1 Cultura aborígenes sobrevientes.-- _tReferencias bibliográficas. |
||
| 590 | _aInventariado 2021 / MF | ||
| 942 |
_2ddc _cLBS1 |
||
| 999 |
_c50327 _d50327 |
||